| 000 | 00354pam a2200157a 44500 | ||
|---|---|---|---|
| 008 | 230515b1992 xxu||||| |||| 00| 0 eng d | ||
| 020 | _aNULL | ||
| 041 | _aENGL | ||
| 082 | _a690.89/ BLA. | ||
| 100 | _aBLANDFORD P.W. | ||
| 245 | _aPLAYHOUSES GAZEBOS & SHEDS | ||
| 250 | _aN.D. | ||
| 260 |
_aNULL _bTAB B _c1992 |
||
| 300 | _a138 PB | ||
| 650 | _aNULL | ||
| 999 |
_c633329 _d633329 |
||